00812cam a22002534a 450000100090000000300040000900500170001300800410003001000170007102000250008804000180011304200080013105000220013908200190016124501580018025000120033826000330035030000350038350400510041865000230046970000240049270000210051670000210053716873104OSt20220919152031.0110715s2012 caua b 001 0 eng  a 2011029801 a9781412976381 (pbk.) aDLCcDLCdDLC apcc00aHM1033b.S36 201200a302223bSCH/A00aApplied social psychology :bunderstanding and addressing social and practical problems /ceditors, Frank W. Schneider, Jamie A. Gruman, Larry M. Coutts. a2nd ed. aLos Angeles :bSage,cc2012. axiii, 486 p. :bill. ;c26 cm. aIncludes bibliographical references and index. 0aSocial psychology.1 aSchneider, Frank W.1 aGruman, Jamie A.1 aCoutts, Larry M.